| 000 | 004780000a22001930004500 | ||
|---|---|---|---|
| 001 | 001932 | ||
| 003 | MACL | ||
| 005 | 20150823161524.0 | ||
| 008 | 150823b xxu||||| |||| 00| 0 eng d | ||
| 040 |
_aMACL _cMACL |
||
| 041 | _aEnglish | ||
| 082 | _a651.3/SHA | ||
| 100 |
_aSharma, K.K. _97204 |
||
| 245 |
_aModern Office Management _cK.K. Sharma |
||
| 260 |
_aNew Delhi _c2001 _bMangal Deep Publishers, |
||
| 350 | _a275 | ||
| 650 |
_aManagement _97205 |
||
| 942 |
_k651 _cBK _2ddc |
||
| 999 |
_c13848 _d13848 |
||